| 000 | 00806nac a22002171u 4500 | ||
|---|---|---|---|
| 010 | _a 91014026 | ||
| 020 | _a0470217901 | ||
| 082 | 0 | 0 |
_a697 _bEAS |
| 090 |
_c6414 _d6414 |
||
| 100 | _aEastop, T. D. | ||
| 245 | 1 | 0 |
_aMechanical services for buildings / _cT.D. Eastop, W.E. Watson. |
| 260 |
_aHarlow, Essex, England : _bLongman Scientific & Technical ; _aNew York, NY : _bWiley,c.1992. _cc.1992. |
||
| 300 |
_axix, 558 p. : _bill. ; _c25 cm. |
||
| 500 | _aDistributer: Al-Ahram. | ||
| 504 | _aIncludes bibliographical references and index. | ||
| 511 | _aCatalogued By: Mahitab. | ||
| 650 | 0 |
_aBuildings _xMechanical equipment. |
|
| 650 | 0 |
_aBuildings _xEnvironmental engineering. |
|
| 700 | 1 |
_aWatson, W. E. _q(William Edward), _d1939- |
|
| 942 |
_cBB _k697EAS |
||
| 999 |
_c6414 _d6414 |
||